Real Madrid - Les 10 Derniers Capitaines - Statistiques

Statistiques générales
  • Ce quiz a été pris 904 fois
    459 depuis la dernière actualisation
  • Le résultat moyen est 7 sur 10
Statistiques - réponses
Période Nationalité Entraîneurs % Correct
2024- Croatie Luka Modric
100%
2022-2023 France Karim Benzema
95%
2015-2021 Espagne Sergio Ramos
93%
2021-2022 Brésil Marcelo
82%
2010-2015 Espagne Iker Casillas
80%
2023-2024 Espagne Nacho Fernandez
75%
2003-2010 Espagne Raul Gonzalez
75%
2001-2003 Espagne Fernando Hierro
47%
1998-2001 Espagne Manuel Sanchis
10%
1990-1998 Espagne Chendo
3%
Aucun quiz correspondant
Distribution des résultats
% des personnes avec chaque résultat
Percentile par nombre de réponses
Votre historique - résultats
Vous n’avez pas pris ce quiz depuis la dernière actualisation